000
00403 a2200133 4500
003
OSt
005
20260204161204.0
008
260204b |||||||| |||| 00| 0 eng d
100
_a
टोळ द.
_9
216612
245
_a
संस्कार कथा
260
_b
भारतीय विचार साधना प्रकाशन
_c
2007
_a
पुणे
300
_a
63pp.
942
_c
BK
_2
ddc
999
_c
370169
_d
370169